Statistiques concernant Grille de mots #8

Cliquez ici pour prendre le quiz!

Statistiques générales

  • Ce quiz a été pris 114 fois
  • Le résultat moyen est 77 sur 87

Statistiques - réponses

Place de la lettreRéponses% Correct
1 ES
98%
1 IE
97%
3 EN
97%
2 EE
96%
1 GN
96%
1 JS
96%
3 IE
95%
2 GE
95%
2 IT
95%
1 FA
93%
1 HC
93%
4 EE
93%
2 JE
93%
5 IN
93%
3 GS
93%
8 EA
92%
6 EA
92%
2 AA
92%
1 BA
92%
3 DA
92%
2 BB
92%
5 EG
92%
4 II
92%
9 EI
92%
1 CI
92%
7 EL
92%
1 AN
92%
10 ES
92%
1 DS
92%
2 CS
92%
7 IE
91%
3 FI
91%
2 FM
91%
4 GS
91%
6 IT
91%
2 HU
91%
5 DE
90%
5 HL
90%
3 CB
89%
3 HM
89%
5 FO
89%
3 BR
89%
3 AU
89%
8 AO
88%
6 HA
87%
9 JA
87%
5 AE
87%
9 II
87%
4 JS
87%
5 BT
87%
4 HU
87%
4 DV
87%
9 BA
86%
10 HE
86%
9 FE
86%
8 HI
86%
8 FL
86%
10 IM
86%
9 AN
86%
9 CN
86%
8 JS
86%
7 HT
86%
9 HV
86%
6 AA
85%
7 FA
85%
10 AD
85%
6 JE
85%
10 JI
85%
10 BI
85%
6 BI
85%
7 DL
85%
6 FP
85%
6 GP
85%
7 JS
85%
4 AS
85%
10 CS
85%
9 DT
85%
4 CA
84%
7 AB
84%
10 DE
84%
8 CE
84%
7 CI
84%
7 GN
84%
7 BR
84%
6 CR
84%
4 BU
84%
10 GD
83%

Distribution des résultats

Percentile par nombre de réponses

% des personnes avec chaque résultat

Votre développement - résultats

Vous n’avez pas pris ce quiz